000 00480nam a22001817a 4500
999 _c3437
_d3394
008 190531b ||||| |||| 00| 0 eng d
020 _a975363515X
041 _atur
050 _aPL248.T587
100 _91167
_aTopal, Semra
245 _a Bayan Mira'yla Ufak Bir Gezinti : Öykü
250 _a1.Baskı
260 _aİstanbul:
_bYapı Kredi Yayınları,
_cMart 1996
300 _a71 Sayfa
500 _aEdebiyat - 133
650 0 _9145
_aTürk Edebiyatı
942 _2lcc
_cBK